[Event "BL2-Ost 0607"]
[Site "Germany"]
[Date "2006.12.10"]
[Round "4.2"]
[White "Jirka, Jiri"]
[Black "Siepelt, Heiner"]
[Result "1-0"]
[WhiteElo "2345"]
[BlackElo "2330"]
[PlyCount "85"]
[EventDate "2006.10.15"]
[EventType "team-tourn"]
[EventRounds "9"]
[EventCountry "GER"]
[SourceTitle "EXT 2008"]
[Source "ChessBase"]
[SourceDate "2007.11.25"]
[SourceVersion "1"]
[SourceVersionDate "2007.11.25"]
[SourceQuality "1"]
[WhiteTeam "Bamberg"]
[BlackTeam "Wuerzburg"]
[WhiteTeamCountry "GER"]
[BlackTeamCountry "GER"]

1. d4 Nf6 2. c4 g6 3. g3 Bg7 4. Bg2 0-0 5. Nc3 d6 6. Nf3 Nbd7 7. 0-0 e5 8. e4 a6 9. Qc2 exd4 10. Nxd4 Re8 11. Rd1 Rb8 12. h3 Ne5 13. b3 c5 14. Nde2 Qe7 15. a4 h6 16. Be3 Kh7 17. Qd2 Nc6 18. Bf4 Nd4 19. Nxd4 cxd4 20. Nd5 Nxd5 21. exd5 Qc7 22. Rac1 g5 23. Qd3+ Kg8 24. Bd2 a5 25. h4 Re5 26. f4 Bf5 27. Qf1 gxf4 28. Bxf4 Rbe8 29. Bxe5 Rxe5 30. c5 dxc5 31. Rxd4 Qb6 32. Rf4 Bg6 33. Qb5 Qxb5 34. axb5 Re3 35. Rxc5 Rxg3 36. d6 Rd3 37. Rd5 Rxd5 38. Bxd5 Kf8 39. Bxb7 Be5 40. Ra4 Bxd6 41. Rxa5 Bc5+ 42. Kg2 Ke7 43. Bf3 1-0

[Event "BL2-Ost 0607"]
[Site "Germany"]
[Date "2006.10.15"]
[Round "1.2"]
[White "Siepelt, Heiner"]
[Black "Gauglitz, Gernot"]
[Result "0-1"]
[WhiteElo "2330"]
[BlackElo "2395"]
[PlyCount "102"]
[EventDate "2006.10.15"]
[EventType "team-tourn"]
[EventRounds "9"]
[EventCountry "GER"]
[SourceTitle "EXT 2008"]
[Source "ChessBase"]
[SourceDate "2007.11.25"]
[SourceVersion "1"]
[SourceVersionDate "2007.11.25"]
[SourceQuality "1"]
[WhiteTeam "Wuerzburg"]
[BlackTeam "Dresden"]
[WhiteTeamCountry "GER"]
[BlackTeamCountry "GER"]

1. e4 c5 2. Nc3 Nc6 3. f4 g6 4. Nf3 Bg7 5. Bb5 Nd4 6. 0-0 Nxb5 7. Nxb5 Nf6 8. e5 Nd5 9. d4 Qb6 10. c4 Nc7 11. dxc5 Qxc5+ 12. Qd4 Qxd4+ 13. Nfxd4 Na6 14. Bd2 0-0 15. b4 d6 16. exd6 exd6 17. Rac1 Bd7 18. Rfd1 Rfd8 19. Be1 Re8 20. Nf3 d5 21. Nd6 Rxe1+ 22. Nxe1 Nxb4 23. cxd5 Nxa2 24. Rc7 Ba4 25. Rd2 Nc3 26. Rxb7 f5 27. Nf3 Bf8 28. Nf7 Ne4 29. Rdb2 Rc8 30. g3 Nc5 31. Rxa7 Nd3 32. Rxa4 Nxb2 33. Ra2 Rc1+ 34. Kg2 Rc2+ 35. Kh3 Kxf7 36. Ne5+ Ke7 37. Nd3 Bg7 38. Ra7+ Kd6 39. Nb4 Rc7 40. Ra6+ Kc5 41. d6 Rd7 42. Rc6+ Kxb4 43. Rc7 Rxd6 44. Rxg7 h6 45. Rh7 Nd1 46. Kh4 Nf2 47. h3 h5 48. Rc7 Kb5 49. Rc2 Ne4 50. g4 hxg4 51. hxg4 Rd1 0-1

[Event "Bayern-ch 77th"]
[Site "Bad Woerishofen"]
[Date "2006.09.02"]
[Round "9"]
[White "Jorczik, Julian Marcel"]
[Black "Siepelt, Heiner"]
[Result "1-0"]
[WhiteElo "2186"]
[BlackElo "2293"]
[PlyCount "121"]
[EventDate "2006.08.26"]
[EventType "swiss"]
[EventRounds "9"]
[EventCountry "GER"]
[SourceTitle "EXT 2007"]
[Source "ChessBase"]
[SourceDate "2006.11.23"]
[SourceVersion "1"]
[SourceVersionDate "2006.11.23"]
[SourceQuality "1"]

1. d4 Nf6 2. c4 d6 3. Nc3 Nbd7 4. e4 e5 5. Nf3 g6 6. Be2 Bg7 7. 0-0 0-0 8. Re1 a5 9. Be3 Ng4 10. Bg5 f6 11. Bh4 Nh6 12. Qd2 Nf7 13. Rad1 c6 14. Qc2 Qe7 15. a3 h5 16. h3 Bh6 17. Bg3 Re8 18. b4 axb4 19. axb4 Nf8 20. Bd3 Bd7 21. Na4 Ra7 22. Nb6 Kg7 23. c5 dxc5 24. bxc5 exd4 25. e5 f5 26. Bh4 Ng5 27. Kh1 Be6 28. Nxd4 Rd8 29. Qc3 f4 30. Nf3 Nfh7 31. Bb1 Rxd1 32. Rxd1 Qf7 33. Nd4 f3 34. Nxf3 Nxf3 35. gxf3 Ng5 36. Rg1 Qf4 37. Qe3 Qxe3 38. fxe3 Ra1 39. Bxg5 Bxg5 40. f4 Bd8 41. Rxg6+ Kf7 42. Rg1 Ra5 43. f5 Rxc5 44. fxe6+ Kxe6 45. Ba2+ Ke7 46. Rg7+ Ke8 47. Rg8+ Ke7 48. Nc8+ Kd7 49. e6+ Kc7 50. e7 Bxe7 51. Nxe7 Re5 52. Rg7 Kb6 53. Nc8+ Kc5 54. Re7 Rf5 55. Rxb7 Rf3 56. Rb3 Rxh3+ 57. Kg2 Rh4 58. Rc3+ Kb4 59. Rc4+ Rxc4 60. Bxc4 Kxc4 61. Nd6+ 1-0

[Event "Bayern-ch 77th"]
[Site "Bad Woerishofen"]
[Date "2006.08.27"]
[Round "2"]
[White "Bensch, Patrick"]
[Black "Siepelt, Heiner"]
[Result "1/2-1/2"]
[WhiteElo "2241"]
[BlackElo "2293"]
[PlyCount "35"]
[EventDate "2006.08.26"]
[EventType "swiss"]
[EventRounds "9"]
[EventCountry "GER"]
[SourceTitle "EXT 2007"]
[Source "ChessBase"]
[SourceDate "2006.11.23"]
[SourceVersion "1"]
[SourceVersionDate "2006.11.23"]
[SourceQuality "1"]

1. e4 c5 2. Nf3 d6 3. d4 cxd4 4. Nxd4 Nf6 5. Nc3 a6 6. f3 e5 7. Nb3 Be6 8. Be3 Be7 9. Qd2 h5 10. 0-0-0 Nbd7 11. g3 b5 12. Kb1 Nb6 13. Qf2 Nc4 14. Bxc4 bxc4 15. Na5 Qd7 16. Rd2 0-0 17. Rhd1 Rfb8 18. Bb6 1/2-1/2

[Event "Bayern-ch 77th"]
[Site "Bad Woerishofen"]
[Date "2006.08.27"]
[Round "3"]
[White "Siepelt, Heiner"]
[Black "Schindler, Viktor"]
[Result "1-0"]
[WhiteElo "2293"]
[BlackElo "2120"]
[PlyCount "67"]
[EventDate "2006.08.26"]
[EventType "swiss"]
[EventRounds "9"]
[EventCountry "GER"]
[SourceTitle "EXT 2007"]
[Source "ChessBase"]
[SourceDate "2006.11.23"]
[SourceVersion "1"]
[SourceVersionDate "2006.11.23"]
[SourceQuality "1"]

1. g3 Nf6 2. Bg2 g6 3. e4 d6 4. d4 Bg7 5. Ne2 0-0 6. Nbc3 Nbd7 7. 0-0 e5 8. h3 Re8 9. Be3 exd4 10. Bxd4 Nc5 11. e5 Nfd7 12. exd6 Bh6 13. dxc7 Qxc7 14. Nd5 Qd8 15. c4 a5 16. Re1 Ra6 17. Nef4 Ne6 18. Bc3 Nxf4 19. Rxe8+ Qxe8 20. Nxf4 Bg5 21. Nd5 Bd8 22. Qd4 f6 23. Re1 Qf8 24. b3 Nc5 25. h4 Kg7 26. Nf4 Bc7 27. Qe3 Ne6 28. Nd5 Bd8 29. g4 Kg8 30. g5 fxg5 31. Qe5 Qg7 32. Qxg7+ Nxg7 33. Ne7+ Bxe7 34. Rxe7 1-0

[Event "Bayern-ch 77th"]
[Site "Bad Woerishofen"]
[Date "2006.08.26"]
[Round "1"]
[White "Siepelt, Heiner"]
[Black "Basener, Winfried"]
[Result "1-0"]
[WhiteElo "2293"]
[BlackElo "2078"]
[PlyCount "137"]
[EventDate "2006.08.26"]
[EventType "swiss"]
[EventRounds "9"]
[EventCountry "GER"]
[SourceTitle "EXT 2007"]
[Source "ChessBase"]
[SourceDate "2006.11.23"]
[SourceVersion "1"]
[SourceVersionDate "2006.11.23"]
[SourceQuality "1"]

1. e4 e5 2. Nf3 Nc6 3. Bb5 a6 4. Ba4 Nf6 5. 0-0 Nxe4 6. d4 b5 7. Bb3 d5 8. dxe5 Be6 9. Be3 Be7 10. Qe2 0-0 11. Rd1 Nc5 12. c3 Nxb3 13. axb3 Qd7 14. c4 b4 15. cxd5 Bxd5 16. Nbd2 Qg4 17. h3 Qg6 18. Nc4 Rfd8 19. Rd2 Be6 20. Kh2 Rxd2 21. Nfxd2 Bd5 22. Qg4 Qd3 23. Rc1 Rd8 24. h4 Be6 25. Qg3 Nd4 26. Bxd4 Rxd4 27. Qxd3 Rxd3 28. Ra1 Bxh4 29. Rxa6 h6 30. g3 Be7 31. Kg2 Bc5 32. Kf1 Bb6 33. Ke2 Rxb3 34. Ra8+ Kh7 35. Nxb6 Rxb2 36. Nc8 c5 37. Kd3 Bf5+ 38. Ke3 Rc2 39. Nd6 Be6 40. Rb8 b3 41. Kd3 Ra2 42. f4 Ra4 43. N2c4 Rb4 44. Rxb4 cxb4 45. f5 Bd7 46. Kd4 g6 47. f6 Be6 48. Nb2 g5 49. Ne4 Kg6 50. Nc5 Bh3 51. Nxb3 h5 52. Nd3 Bf5 53. Nxb4 h4 54. gxh4 gxh4 55. Nd2 h3 56. Nf3 Kh5 57. Ke3 Kg4 58. Nc6 Be6 59. Ncd4 Bd5 60. Nh2+ Kg5 61. Ne2 Kf5 62. Kd4 Bb3 63. Ng1 Kf4 64. Nxh3+ Kg3 65. Ng5 Kxh2 66. Kc5 Kg3 67. Kd6 Kf4 68. Nxf7 Bxf7 69. e6 1-0

[Event "Oberliga Bayern 0506"]
[Site "Bayern"]
[Date "2006.02.19"]
[Round "7.2"]
[White "Kempter, Ronald"]
[Black "Siepelt, Heiner"]
[Result "0-1"]
[WhiteElo "2193"]
[BlackElo "2292"]
[PlyCount "86"]
[EventDate "2005.10.23"]
[EventType "team-tourn"]
[EventRounds "9"]
[EventCountry "GER"]
[SourceTitle "EXT 2007"]
[Source "ChessBase"]
[SourceDate "2006.11.23"]
[SourceVersion "1"]
[SourceVersionDate "2006.11.23"]
[SourceQuality "1"]
[WhiteTeam "Krumbach"]
[BlackTeam "Wuerzburg"]
[WhiteTeamCountry "GER"]
[BlackTeamCountry "GER"]

1. Nf3 Nf6 2. g3 g6 3. Bg2 Bg7 4. 0-0 0-0 5. c4 d6 6. d4 Nbd7 7. Nc3 e5 8. e4 a6 9. h3 exd4 10. Nxd4 Re8 11. Re1 Rb8 12. Be3 Ne5 13. b3 c5 14. Nde2 b5 15. f4 Ned7 16. cxb5 axb5 17. e5 dxe5 18. fxe5 Qe7 19. Rc1 Bb7 20. Nf4 Nxe5 21. Qe2 Bxg2 22. Qxg2 Qb7 23. Rf1 Qxg2+ 24. Kxg2 c4 25. bxc4 Nxc4 26. Bf2 Ne3+ 27. Bxe3 Rxe3 28. Ncd5 Nxd5 29. Nxd5 Ra3 30. Rc2 Rba8 31. Rff2 Be5 32. Rfe2 Rxg3+ 33. Kh2 Re3+ 34. Kg2 Rxe2+ 35. Rxe2 f6 36. Ne7+ Kf7 37. Nc6 Bd6 38. Rd2 Bf8 39. Rb2 b4 40. Kf3 Ra3+ 41. Kg4 f5+ 42. Kg5 h6+ 43. Kf4 Bd6+ 0-1

[Event "BL2-Ost 0405"]
[Site "Germany"]
[Date "2004.11.28"]
[Round "3.4"]
[White "Siepelt, Heiner"]
[Black "Heimrath, Reiner"]
[Result "0-1"]
[WhiteElo "2320"]
[BlackElo "2293"]
[PlyCount "132"]
[EventDate "2004.10.24"]
[EventType "team-tourn"]
[EventRounds "9"]
[EventCountry "GER"]
[SourceTitle "EXT 2007"]
[Source "ChessBase"]
[SourceDate "2006.11.23"]
[SourceVersion "1"]
[SourceVersionDate "2006.11.23"]
[SourceQuality "1"]
[WhiteTeam "Wuerzburg"]
[BlackTeam "Nuernberg NT"]
[WhiteTeamCountry "GER"]
[BlackTeamCountry "GER"]

1. Nf3 d5 2. g3 Nf6 3. Bg2 e6 4. 0-0 Be7 5. d3 b6 6. Nbd2 Bb7 7. e4 c5 8. Qe2 Nc6 9. e5 Nd7 10. h4 Qc7 11. Re1 b5 12. Nf1 h6 13. N1h2 a5 14. Ng4 a4 15. h5 Ba6 16. a3 Nb6 17. Bf4 b4 18. Qd2 c4 19. Rec1 Kd7 20. Ne3 Qb7 21. dxc4 Nxc4 22. Nxc4 Bxc4 23. b3 axb3 24. cxb3 Bxb3 25. Qd3 Ba4 26. axb4 Bb5 27. Qd1 Rxa1 28. Rxa1 Ra8 29. Rb1 Ra2 30. Nd2 Ke8 31. Nb3 Qa7 32. Be3 Qa4 33. Qg4 Kf8 34. Nc5 Qc2 35. Rc1 Qe2 36. Nxe6+ fxe6 37. Qxe6 Rc2 38. Ra1 Nd8 39. Qxd5 Bc4 40. Qe4 Bd3 41. Qf4+ Kg8 42. Ra8 Qd1+ 43. Kh2 Qxh5+ 44. Kg1 Rb2 45. Rc8 Rb1+ 46. Bc1 Qf5 47. Bd5+ Kh7 48. Qxf5+ Bxf5 49. Rc7 Bxb4 50. Kg2 Ba5 51. Rc4 Rb5 52. Bf3 Rxe5 53. Bb2 Rb5 54. Bd4 Bb6 55. Bxb6 Rxb6 56. Rc5 Kg6 57. Rd5 Nf7 58. Rd2 Ng5 59. Be2 Kf6 60. Ra2 Bh3+ 61. Kh2 Be6 62. Rc2 Bd5 63. Rd2 Bf3 64. Ra2 Bxe2 65. Rxe2 h5 66. Kg2 Ne6 0-1

[Event "BL2-Ost 0405"]
[Site "Germany"]
[Date "2004.11.13"]
[Round "1.4"]
[White "Siepelt, Heiner"]
[Black "Cech, Pavel"]
[Result "0-1"]
[WhiteElo "2320"]
[BlackElo "2403"]
[PlyCount "42"]
[EventDate "2004.10.24"]
[EventType "team-tourn"]
[EventRounds "9"]
[EventCountry "GER"]
[SourceTitle "EXT 2007"]
[Source "ChessBase"]
[SourceDate "2006.11.23"]
[SourceVersion "1"]
[SourceVersionDate "2006.11.23"]
[SourceQuality "1"]
[WhiteTeam "Wuerzburg"]
[BlackTeam "Bindlach"]
[WhiteTeamCountry "GER"]
[BlackTeamCountry "GER"]

1. e4 e6 2. d3 d5 3. Nd2 Nf6 4. Ngf3 Nc6 5. c3 Bd6 6. Be2 0-0 7. 0-0 a5 8. b3 Re8 9. Qc2 e5 10. Re1 Ne7 11. Bf1 Ng6 12. g3 b6 13. a3 Bb7 14. Bb2 Qd7 15. Bg2 Rad8 16. Rad1 Qc8 17. exd5 Nxd5 18. Ne4 f5 19. Bh3 Ndf4 20. gxf4 Nxf4 21. Bxf5 Qxf5 0-1